[Event "4NCL Division 3 Central"]
[Site "Leamington Spa, ENG"]
[Date "2021.11.21"]
[Round "2.54"]
[White "Rumsby, Stephen"]
[Black "Hurney, Kevin"]
[Result "1/2-1/2"]
[WhiteElo "1571"]
[BlackElo "1953"]
[PlyCount "113"]
[EventDate "2021.11.21"]
[WhiteTeam "Oxford 4"]
[BlackTeam "Shropshire and Friends 1"]

1. e4 g6 2. d4 Bg7 3. Nc3 d6 4. Nf3 Nf6 5. h3 O-O 6. Be3 c5 7. Qd2 cxd4 8. Bxd4
Nc6 9. Be3 Qa5 10. Bc4 a6 11. Nd4 Nxd4 12. Bxd4 Nxe4 13. Qe3 Bxd4 14. Qxd4 Nxc3
15. bxc3 Bf5 16. Bd3 Rac8 17. Bxf5 Qxf5 18. O-O Qxc2 19. Rfc1 Qf5 20. Re1 Rc7
21. Re3 Qc5 22. Qd2 Rfc8 23. Rae1 e6 24. Rg3 b5 25. Ree3 a5 26. Rd3 d5 27. h4
b4 28. h5 bxc3 29. Rxc3 Qb4 30. Rxc7 Rxc7 31. Qg5 Qe1+ 32. Kh2 Rc1 33. Qd8+ Kg7
34. h6+ Kxh6 35. Qf8+ Kh5 36. Rh3+ Kg5 37. Qh6+ Kf6 38. Rf3+ Ke7 39. Qg5+ Ke8
40. Qf6 Rc7 41. Qh8+ Ke7 42. Qf6+ Kd6 43. Qd8+ Kc6 44. Qe8+ Kc5 45. Qf8+ Kc4
46. Qd6 Rc5 47. Rf4+ Qe4 48. f3 Qxf4+ 49. Qxf4+ d4 50. Qd2 e5 51. Qc2+ Kd5 52.
Qb3+ Kc6 53. Qxf7 d3 54. Qe6+ Kc7 55. Qe7+ Kc6 56. Qe6+ Kc7 57. Qe7+ 1/2-1/2

[Event "4NCL Division 3 Central"]
[Site "Leamington Spa, ENG"]
[Date "2021.11.21"]
[Round "2.55"]
[White "Taylor, Robert K"]
[Black "Richardson, Ewan"]
[Result "1-0"]
[WhiteElo "1939"]
[BlackElo "1330"]
[PlyCount "55"]
[EventDate "2021.11.21"]
[WhiteTeam "Shropshire and Friends 1"]
[BlackTeam "Oxford 4"]

1. e4 e6 2. d4 d5 3. Nc3 Nf6 4. Bg5 Be7 5. Bxf6 Bxf6 6. Nf3 O-O 7. Qd2 Be7 8.
Bd3 c5 9. exd5 cxd4 10. Nxd4 exd5 11. O-O Nc6 12. Nb3 Be6 13. Rfd1 Bg5 14. f4
Bf6 15. f5 Bc8 16. Qf2 a5 17. Be4 a4 18. Rxd5 Qc7 19. Nb5 Qe7 20. Nd2 Ra5 21.
c3 a3 22. Nxa3 Rxa3 23. bxa3 Bxc3 24. f6 Qxa3 25. Bxh7+ Kxh7 26. Qh4+ Kg8 27.
Rh5 Bd4+ 28. Kh1 1-0

[Event "4NCL Division 3 Central"]
[Site "Leamington Spa, ENG"]
[Date "2021.11.21"]
[Round "2.56"]
[White "Dhoot, Rishit"]
[Black "Jamieson, Ian"]
[Result "0-1"]
[WhiteElo "1200"]
[BlackElo "1885"]
[PlyCount "58"]
[EventDate "2021.11.21"]
[WhiteTeam "Oxford 4"]
[BlackTeam "Shropshire and Friends 1"]

1. e4 e6 2. d4 d5 3. e5 c5 4. c3 Ne7 5. Nf3 Nec6 6. Bd3 b6 7. O-O Ba6 8. Bxa6
Nxa6 9. Qa4 Nab8 10. Bg5 Qc7 11. Na3 a6 12. Rfe1 Ra7 13. c4 dxc4 14. d5 exd5
15. e6 f6 16. Bh4 b5 17. Qc2 Bd6 18. Qf5 Ne7 19. Qh5+ g6 20. Qg4 Rf8 21. Bxf6
Rxf6 22. Qh4 Rxf3 23. gxf3 Nf5 24. Qh3 Qg7 25. Rad1 d4 26. f4 Nc6 27. e7 Ncxe7
28. Qf3 Kd7 29. Qd5 Nxd5 0-1

[Event "4NCL Division 3 Central"]
[Site "Leamington Spa, ENG"]
[Date "2021.11.21"]
[Round "2.61"]
[White "Flynn, David"]
[Black "Mercs, Peter J"]
[Result "1/2-1/2"]
[WhiteElo "1850"]
[BlackElo "1983"]
[PlyCount "130"]
[EventDate "2021.11.21"]
[WhiteTeam "Ashfield 2"]
[BlackTeam "Ashfield 1"]

1. e4 c5 2. Nc3 Nc6 3. Bb5 Nd4 4. Nf3 g6 5. Bc4 e6 6. O-O Nxf3+ 7. Qxf3 Bg7 8.
d3 Ne7 9. Bg5 O-O 10. Bf6 d6 11. Rfe1 a6 12. a4 Bxf6 13. Qxf6 Nc6 14. Qf4 Kg7
15. Rad1 e5 16. Qd2 Be6 17. Nd5 Rb8 18. Ne3 b5 19. axb5 axb5 20. Bd5 Ne7 21.
Ra1 Bxd5 22. Nxd5 Nxd5 23. exd5 b4 24. c4 Ra8 25. b3 Qh4 26. Qb2 h5 27. g3 Qf6
28. Kg2 Rxa1 29. Rxa1 h4 30. Ra6 h3+ 31. Kf1 Qf3 32. Qd2 Qg2+ 33. Ke2 e4 34. d4
Qf3+ 35. Ke1 Qxb3 36. dxc5 Qxc4 37. Rxd6 Qxc5 38. Rc6 Qa7 39. Qb2+ Kh7 40. Qxb4
Rb8 41. Qxe4 Qa1+ 42. Ke2 Rb2+ 43. Rc2 Rb1 44. Kd3 Rb3+ 45. Ke2 Rb1 46. Kf3 Re1
47. Qd3 Qe5 48. Rc4 Qd6 49. Rh4+ Kg8 50. Rxh3 Re5 51. Qc4 Qxd5+ 52. Qxd5 Rxd5
53. Rh4 f5 54. Kf4 Rd2 55. Kg5 Kf7 56. f4 Kg7 57. Rh6 Rd6 58. Rh4 Rd3 59. g4
fxg4 60. Kxg4 Rd5 61. Kf3 Kf6 62. Ke4 Ra5 63. Rg4 Ra4+ 64. Ke3 Ra3+ 65. Ke4
Ra4+ 1/2-1/2

[Event "4NCL Division 3 Central"]
[Site "Leamington Spa, ENG"]
[Date "2021.11.21"]
[Round "2.62"]
[White "Mossong, Hubert"]
[Black "Bromilow, Edward T"]
[Result "1-0"]
[WhiteElo "2039"]
[BlackElo "1807"]
[PlyCount "55"]
[EventDate "2021.11.21"]
[WhiteTeam "Ashfield 1"]
[BlackTeam "Ashfield 2"]

1. e4 c6 2. d4 d5 3. e5 Bf5 4. Nc3 e6 5. g4 Bg6 6. Nge2 c5 7. Be3 h5 8. Nf4 Bh7
9. Nxh5 Nc6 10. Qd2 Nge7 11. Nb5 Nc8 12. O-O-O a6 13. Nd6+ Nxd6 14. exd6 c4 15.
Bf4 Bg6 16. Bxc4 Bxh5 17. gxh5 Rxh5 18. Be2 Rh8 19. Rhg1 Qd7 20. c4 dxc4 21. d5
exd5 22. Bg4 f5 23. Bh5+ Kd8 24. Qxd5 Nb4 25. Bg5+ Kc8 26. Qxc4+ Kb8 27. Be8
Qxe8 28. d7 1-0

[Event "4NCL Division 3 Central"]
[Site "Leamington Spa, ENG"]
[Date "2021.11.21"]
[Round "2.63"]
[White "Graham, Neil"]
[Black "Gogia, Armaan"]
[Result "0-1"]
[WhiteElo "1782"]
[BlackElo "1899"]
[PlyCount "60"]
[EventDate "2021.11.21"]
[WhiteTeam "Ashfield 2"]
[BlackTeam "Ashfield 1"]

1. d4 e6 2. e4 d5 3. Be3 dxe4 4. Nd2 Nf6 5. f3 Nd5 6. Qe2 Nc6 7. c3 exf3 8.
Ngxf3 Be7 9. Qf2 O-O 10. Bd3 f5 11. Nb3 a5 12. O-O a4 13. Nc1 Bf6 14. Kh1 a3
15. b3 Nxc3 16. Qc2 Nxd4 17. Bxd4 Bxd4 18. Nxd4 Qxd4 19. Ne2 Nxe2 20. Qxe2 Ra5
21. Rad1 Qb2 22. Rd2 Qe5 23. Qf2 Rd5 24. Re1 Qd6 25. Red1 Rd8 26. Qe2 b6 27. h3
Kh8 28. h4 Ba6 29. Bxa6 Rxd2 30. Rxd2 Qxd2 0-1

[Event "4NCL Division 3 Central"]
[Site "Leamington Spa, ENG"]
[Date "2021.11.21"]
[Round "2.64"]
[White "Truman, Richard G"]
[Black "Wright, Nigel"]
[Result "1-0"]
[WhiteElo "1895"]
[BlackElo "1699"]
[PlyCount "85"]
[EventDate "2021.11.21"]
[WhiteTeam "Ashfield 1"]
[BlackTeam "Ashfield 2"]

1. d4 d6 2. Nf3 Nf6 3. c4 g6 4. Nc3 Bg7 5. Bg5 Bg4 6. e3 Nbd7 7. Be2 O-O 8. O-O
e5 9. dxe5 Nxe5 10. Nxe5 Bxe2 11. Qxe2 dxe5 12. Qf3 h6 13. Rfd1 Qe7 14. Nd5 Qe6
15. Bxf6 e4 16. Nxc7 exf3 17. Nxe6 fxe6 18. Bxg7 Kxg7 19. Rd7+ Rf7 20. Rad1 Rb8
21. gxf3 a6 22. c5 g5 23. Kg2 Kg6 24. Rxf7 Kxf7 25. Kg3 Kf6 26. f4 a5 27. b3
Rc8 28. Rc1 Rc6 29. a3 b6 30. b4 axb4 31. axb4 bxc5 32. Rxc5 gxf4+ 33. Kxf4 Rb6
34. b5 Rb7 35. Ke4 Rb6 36. Kd4 Rd6+ 37. Kc4 Rd2 38. b6 Rxf2 39. b7 Rc2+ 40. Kb5
Rxh2 41. Kc6 Rb2 42. Rb5 Rc2+ 43. Kd7 1-0

[Event "4NCL Division 3 Central"]
[Site "Leamington Spa, ENG"]
[Date "2021.11.21"]
[Round "2.65"]
[White "Hill, Maurice J"]
[Black "Levens, David G"]
[Result "1/2-1/2"]
[WhiteElo "1712"]
[BlackElo "1886"]
[PlyCount "93"]
[EventDate "2021.11.21"]
[WhiteTeam "Ashfield 2"]
[BlackTeam "Ashfield 1"]

1. g3 d5 2. Bg2 Nf6 3. c4 c6 4. Qc2 dxc4 5. Qxc4 Be6 6. Qc2 g6 7. Nc3 Bg7 8.
Nf3 Na6 9. O-O O-O 10. d3 Nb4 11. Qd1 Nbd5 12. Bd2 Qc7 13. a3 Rac8 14. Rc1 Nxc3
15. Bxc3 Rfd8 16. Qa4 h6 17. Qxa7 Ra8 18. Qe3 Nd5 19. Qd2 Nxc3 20. bxc3 Rxa3
21. d4 Bc4 22. Rb1 Rda8 23. Rfc1 Ra2 24. Rc2 b5 25. Ne1 Qa5 26. Bxc6 Rxc2 27.
Nxc2 Rc8 28. Be4 f5 29. Bf3 e5 30. e3 exd4 31. Nxd4 Qa6 32. Qb2 Rb8 33. Nc2 Qe6
34. Nb4 $11 g5 35. Ra1 g4 36. Ra6 Rb6 37. Rxb6 Qxb6 38. Bd5+ Bxd5 39. Nxd5 Qb7
40. Qb3 Kh8 41. Nf4 b4 42. Ng6+ Kh7 43. Nh4 Bf6 44. Qe6 Bxh4 45. Qxf5+ Kh8 46.
gxh4 b3 47. Qf8+ 1/2-1/2

[Event "4NCL Division 3 Central"]
[Site "Leamington Spa, ENG"]
[Date "2021.11.21"]
[Round "2.66"]
[White "Garnett, John S"]
[Black "Hardman, Daniel"]
[Result "1/2-1/2"]
[WhiteElo "1831"]
[BlackElo "1681"]
[PlyCount "76"]
[EventDate "2021.11.21"]
[WhiteTeam "Ashfield 1"]
[BlackTeam "Ashfield 2"]

1. d4 Nf6 2. Bg5 Ne4 3. Bf4 e6 4. f3 Nf6 5. e4 d5 6. Bd3 c5 7. c3 Nc6 8. Ne2
Qb6 9. Qd2 c4 10. Bc2 Qxb2 11. O-O Qxa1 12. Ba4 Bd7 13. Qc2 dxe4 14. Nd2 Qxf1+
15. Kxf1 exf3 16. Nxf3 a6 17. Bxc6 Bxc6 18. Ne5 Rc8 19. Qb2 Bd5 20. a4 Nh5 21.
Be3 Bd6 22. Nf3 O-O 23. Kf2 Nf6 24. Nf4 Ng4+ 25. Ke2 Nxe3 26. Kxe3 Bc6 27. Qc2
h6 28. g4 g5 29. Nh5 f5 30. Ne5 Be4 31. Qb2 Bxe5 32. dxe5 Bc6 33. Qb4 fxg4 34.
Qe7 Rf7 35. Qxe6 Rd8 36. Qg6+ Kf8 37. Qxh6+ Ke8 38. Qe6+ Kf8 1/2-1/2

[Event "4NCL Division 3 Central"]
[Site "Leamington Spa, ENG"]
[Date "2021.11.21"]
[Round "2.71"]
[White "Bush, Ian"]
[Black "Bryant, Richard B E"]
[Result "1/2-1/2"]
[WhiteElo "1863"]
[BlackElo "1819"]
[PlyCount "57"]
[EventDate "2021.11.21"]
[WhiteTeam "Oxford 3"]
[BlackTeam "Shropshire and Friends 2"]

1. e4 e6 2. d4 d5 3. Nc3 dxe4 4. Nxe4 Bd7 5. Nf3 Bc6 6. Bd3 Nd7 7. O-O Ngf6 8.
Qe2 Be7 9. c3 Nxe4 10. Bxe4 Bxe4 11. Qxe4 c6 12. Bf4 Nf6 13. Qe2 O-O 14. Rad1
Qa5 15. a3 Qf5 16. Be5 Rfd8 17. Qd3 Qh5 18. Qc2 Rd7 19. h3 Bd8 20. Rfe1 Qh6 21.
Qd2 Qh5 22. Qg5 Qxg5 23. Nxg5 Be7 24. Kf1 Rad8 25. Ke2 c5 26. dxc5 Bxc5 27.
Bxf6 gxf6 28. Rxd7 Rxd7 29. Ne4 1/2-1/2

[Event "4NCL Division 3 Central"]
[Site "Leamington Spa, ENG"]
[Date "2021.11.21"]
[Round "2.72"]
[White "Slegg, Gary"]
[Black "Jantscher, Reinhard"]
[Result "0-1"]
[WhiteElo "1600"]
[BlackElo "1720"]
[PlyCount "56"]
[EventDate "2021.11.21"]
[WhiteTeam "Shropshire and Friends 2"]
[BlackTeam "Oxford 3"]

1. e4 c5 2. d4 cxd4 3. c3 dxc3 4. Nxc3 e6 5. Nf3 Bc5 6. Bc4 Nc6 7. Qe2 Nge7 8.
O-O a6 9. Rd1 Qc7 10. a3 b5 11. Ba2 O-O 12. e5 Ng6 13. Ne4 Ncxe5 14. Nxc5 Qxc5
15. b4 Qc7 16. Bb2 Nxf3+ 17. Qxf3 Bb7 18. Qe3 d5 19. Rac1 Qd6 20. Bb1 Rfc8 21.
Bxg6 hxg6 22. Be5 Qd7 23. Qb6 Rc4 24. Bc7 Qc6 25. Rxc4 bxc4 26. Qxc6 Bxc6 27.
Bd6 f6 28. Bc5 e5 0-1

[Event "4NCL Division 3 Central"]
[Site "Leamington Spa, ENG"]
[Date "2021.11.21"]
[Round "2.73"]
[White "Evans, Christopher J"]
[Black "Holmes, Nick"]
[Result "1-0"]
[WhiteElo "1745"]
[BlackElo "1548"]
[PlyCount "51"]
[EventDate "2021.11.21"]
[WhiteTeam "Oxford 3"]
[BlackTeam "Shropshire and Friends 2"]

1. e4 c5 2. Nf3 d6 3. d4 cxd4 4. Nxd4 a6 5. c4 Nf6 6. Nc3 e5 7. Nc2 Be7 8. Ne3
O-O 9. Ned5 Nc6 10. Be3 Nd7 11. Bd3 Bg5 12. O-O Bxe3 13. fxe3 Qg5 14. Rf3 Nc5
15. Rg3 Qh6 16. Bc2 Ne7 17. Nxe7+ Kh8 18. Qf3 Qe6 19. Ncd5 Rb8 20. Rf1 b5 21.
Qh5 Bb7 22. Rh3 h6 23. Rf6 Kh7 24. Rxe6 Nxe6 25. Nf6+ Kh8 26. Nd7 1-0

[Event "4NCL Division 3 Central"]
[Site "Leamington Spa, ENG"]
[Date "2021.11.21"]
[Round "2.74"]
[White "Stuttard, David"]
[Black "Davies, Matthew"]
[Result "0-1"]
[WhiteElo "1825"]
[BlackElo "1917"]
[PlyCount "78"]
[EventDate "2021.11.21"]
[WhiteTeam "Shropshire and Friends 2"]
[BlackTeam "West is Best 3"]

1. e4 e6 2. d4 d5 3. exd5 exd5 4. c4 Nf6 5. Nf3 Bb4+ 6. Bd2 Qe7+ 7. Be2 dxc4 8.
O-O O-O 9. Re1 Bxd2 10. Nbxd2 c6 11. Bxc4 Qb4 12. Qe2 Nbd7 13. Ng5 Nb6 14. a3
Qd6 15. Bxf7+ Rxf7 16. Nxf7 Kxf7 17. Ne4 Nxe4 18. Qxe4 Kg8 19. Rac1 Bd7 20. Qe5
Qxe5 21. dxe5 Be6 22. Red1 Kf7 23. Rd4 Bd5 24. Rf4+ Ke6 25. Rh4 h6 26. f4 Rf8
27. Rg4 Rf7 28. h4 Kf5 29. Rg3 Kxf4 30. Rg6 Re7 31. h5 Be4 32. g3+ Kxe5 33. Rg4
Kd5 34. Rd1+ Kc4 35. Re1 Kd4 36. Rd1+ Ke3 37. Re1+ Kd3 38. Rd1+ Ke2 39. Rf1 Nd5
0-1

[Event "4NCL Division 3 Central"]
[Site "Leamington Spa, ENG"]
[Date "2021.11.21"]
[Round "2.75"]
[White "Saunders, Aron"]
[Black "Ross, Stuart"]
[Result "1-0"]
[WhiteElo "1715"]
[BlackElo "1646"]
[PlyCount "51"]
[EventDate "2021.11.21"]
[WhiteTeam "West is Best 3"]
[BlackTeam "Shropshire and Friends 2"]

1. e4 c5 2. c3 Nf6 3. e5 Nd5 4. Nf3 Nc6 5. d4 cxd4 6. cxd4 d6 7. Bc4 Nb6 8. Bb5
dxe5 9. Nxe5 Bd7 10. Nxd7 Qxd7 11. Nc3 e6 12. O-O Be7 13. Be3 O-O 14. Qg4 Bf6
15. Rfd1 e5 16. Qxd7 Nxd7 17. d5 Ncb8 18. Rac1 a6 19. Ba4 b5 20. Bb3 b4 21. Ne4
a5 22. Ba4 Rd8 23. Rc7 Nf8 24. Bb5 Ne6 25. Rb7 Na6 26. Bb6 1-0

[Event "4NCL Division 3 Central"]
[Site "Leamington Spa, ENG"]
[Date "2021.11.21"]
[Round "2.76"]
[White "Holmes, Thalia"]
[Black "Hill, Charlie"]
[Result "1-0"]
[WhiteElo "1563"]
[BlackElo "1653"]
[PlyCount "109"]
[EventDate "2021.11.21"]
[WhiteTeam "Shropshire and Friends 2"]
[BlackTeam "West is Best 3"]

1. f4 d5 2. Nf3 Nf6 3. e3 Bf5 4. b3 e6 5. Bb2 Be7 6. Be2 O-O 7. O-O c5 8. Ne5
h6 9. d3 Re8 10. Nd2 Nc6 11. h3 Rc8 12. Ndf3 Nd7 13. Qe1 Ncxe5 14. Bxe5 Nxe5
15. fxe5 f6 16. Rc1 fxe5 17. Nxe5 Bh4 18. g3 Bxh3 19. gxh4 Bxf1 20. Bxf1 Rf8
21. Bh3 Qd6 22. Qg3 d4 23. Kh1 Qd5+ 24. e4 Qd6 25. Rg1 Rc7 26. Ng6 Qxg3 27.
Bxe6+ Rcf7 28. Rxg3 Kh7 29. Bxf7 Rxf7 30. Ne5 Rf2 31. Rg2 Rf4 32. Rh2 Rf1+ 33.
Kg2 Rf6 34. Kg3 Re6 35. Nd7 Rc6 36. e5 Kg6 37. e6 Kf5 38. Re2 Rxe6 39. Rxe6
Kxe6 40. Nxc5+ Kd6 41. Nxb7+ Kc6 42. Na5+ Kb5 43. Nc4 Kb4 44. Ne5 Kc3 45. Nc6
Kxc2 46. Nxd4+ Kxd3 47. Ne6 a6 48. Nc5+ Kd4 49. Nxa6 Kd5 50. Nc7+ Kc6 51. Ne6
g5 52. hxg5 hxg5 53. Nxg5 Kb5 54. Kf4 Kb4 55. Ke4 1-0

[Event "4NCL Division 3 Central"]
[Site "Leamington Spa, ENG"]
[Date "2021.11.21"]
[Round "2.77"]
[White "Smith, Steve"]
[Black "Staples, Neil"]
[Result "1/2-1/2"]
[WhiteElo "1823"]
[BlackElo "1811"]
[PlyCount "36"]
[EventDate "2021.11.21"]
[WhiteTeam "West is Best 3"]
[BlackTeam "Oxford 3"]

1. e4 d5 2. exd5 Qxd5 3. Nc3 Qd8 4. d4 Nf6 5. Nf3 Bg4 6. h3 Bxf3 7. Qxf3 c6 8.
Be3 e6 9. Bd3 Nbd7 10. O-O Bd6 11. a4 O-O 12. Ne4 Nxe4 13. Qxe4 Nf6 14. Qh4 g6
15. Bg5 Be7 16. a5 Nd5 17. Bxe7 Qxe7 18. Qxe7 Nxe7 1/2-1/2

[Event "4NCL Division 3 Central"]
[Site "Leamington Spa, ENG"]
[Date "2021.11.21"]
[Round "2.78"]
[White "Waterfield, Mark"]
[Black "Di-Vetta, Andrew"]
[Result "0-1"]
[WhiteElo "1809"]
[BlackElo "1704"]
[PlyCount "116"]
[EventDate "2021.11.21"]
[WhiteTeam "Oxford 3"]
[BlackTeam "West is Best 3"]

1. e4 c5 2. Nf3 Nc6 3. Bb5 g6 4. O-O Bg7 5. Re1 Nf6 6. c3 O-O 7. d4 cxd4 8.
cxd4 Qb6 9. Nc3 d6 10. h3 a6 11. Bf1 Nd7 12. Ne2 e6 13. Rb1 Ne7 14. Be3 d5 15.
e5 Nf5 16. Bf4 Nb8 17. Qd2 Re8 18. g4 Ne7 19. Bh6 Bd7 20. Bxg7 Kxg7 21. Ng3 Ng8
22. Qg5 h6 23. Qf4 Nc6 24. Kh2 Rac8 25. h4 Qb4 26. h5 g5 27. Qe3 Rc7 28. Kg2
Rec8 29. Bd3 Qf8 30. Nxg5 hxg5 31. Qxg5+ Kh8 32. h6 f6 33. Qe3 fxe5 34. dxe5
Be8 35. g5 Nge7 36. Rh1 Nb4 37. Be2 Nc2 38. Qd2 Bg6 39. Nh5 Qf5 40. f4 Qe4+ 41.
Bf3 Qd4 42. Rbd1 Ne3+ 43. Kh3 Bf5+ 44. Kg3 Qb6 45. Rde1 Nc4 46. Qh2 Qxb2 47.
Re2 Qa3 48. Nf6 Ne3 49. h7 Bg6 50. Kf2 Rc2 51. Ng8 Rxe2+ 52. Bxe2 N7f5 53. Rb1
b5 54. Rb3 Ng4+ 55. Bxg4 Qxa2+ 56. Be2 Qxb3 57. Nh6 Qe3+ 58. Kg2 Qxe2+ 0-1

[Event "4NCL Division 3 Central"]
[Site "Leamington Spa, ENG"]
[Date "2021.11.21"]
[Round "2.79"]
[White "Binesmael, Mohamed"]
[Black "Davis, Cameron"]
[Result "0-1"]
[WhiteElo "1642"]
[BlackElo "1722"]
[PlyCount "114"]
[EventDate "2021.11.21"]
[WhiteTeam "West is Best 3"]
[BlackTeam "Oxford 3"]

1. e4 c5 2. Nf3 g6 3. c3 Bg7 4. d4 cxd4 5. cxd4 d5 6. e5 Bg4 7. Nbd2 Nc6 8. h3
Bxf3 9. Nxf3 e6 10. Bg5 Qb6 11. b3 Nge7 12. a3 Nf5 13. Be2 Nfxd4 14. Bf6 Nxf3+
15. Bxf3 Bxf6 16. exf6 Qd8 17. O-O O-O 18. Qd2 Qxf6 19. Rab1 Rfc8 20. b4 Ne5
21. Bd1 Nc4 22. Qa2 Rc7 23. Rb3 Rac8 24. Re1 Qd4 25. Qe2 Qd2 26. Kf1 Qxe2+ 27.
Rxe2 Nd6 28. b5 b6 29. a4 Rc3 30. Rb4 R8c4 31. Rbb2 Rc1 32. Ke1 Rxa4 33. Kd2
Raa1 34. Bb3 Ne4+ 35. Ke3 Rab1 36. Rxb1 Rxb1 37. Bc2 Rb4 38. Bd3 Nc3 39. Rc2
Nxb5 40. f4 Nd6 41. g4 Nc4+ 42. Kf3 a5 43. h4 Rb2 44. Rc3 b5 45. h5 Kg7 46. Rc1
a4 47. Rh1 a3 48. h6+ Kf8 49. Re1 a2 50. f5 Nd2+ 51. Ke3 Nb1 52. Rc1 a1=Q 53.
f6 Qa7+ 54. Kf4 Qf2+ 55. Ke5 Qe3+ 56. Kd6 Qxc1 57. g5 Qxg5 0-1